| 000 | 01563cam a2200373 a 4500 | ||
|---|---|---|---|
| 999 |
_c128289 _d128289 |
||
| 001 | 219488 | ||
| 003 | ARRUPE | ||
| 005 | 20181002112521.0 | ||
| 008 | 000530s1998 sa a b 001 0 eng d | ||
| 010 | _a 99179791 | ||
| 015 | _aGB98-X9680 | ||
| 020 | _a1875053107 (Cluster Pub.) | ||
| 020 | _a1856496473 (Zed) | ||
| 020 | _a1856496481 (Zed : pbk.) | ||
| 035 | _a(OCoLC)ocm41249989 | ||
| 040 |
_aDGU _cDGU _dUKM _dOCL _dDLC |
||
| 042 | _alccopycat | ||
| 050 | 0 | 0 |
_aHB90 _b.N87 1998 |
| 082 | 0 | 0 |
_a330.12 _221 |
| 100 | 1 |
_aNürnberger, Klaus, _d1933- _942677 |
|
| 245 | 1 | 0 |
_aBeyond Marx and market : _boutcomes of a century of economic experimentation / _cKlaus Nürnberger. |
| 260 |
_aPietermaritzburg, South Africa : _bCluster Pub. ; _aLondon ; _aNew York : _bZed Books, _c1998. |
||
| 300 |
_aiii, 274 p. : _bill. ; _c21 cm. |
||
| 504 | _aIncludes bibliographical references (p. 242-259) and index. | ||
| 650 | 0 |
_aComparative economics. _92879 |
|
| 650 | 0 |
_aCapitalism. _93 |
|
| 650 | 0 |
_aSocialism. _919902 |
|
| 650 | 4 |
_aCommunism. _942678 |
|
| 650 | 4 |
_aEconomics _xHistory _y20th century. _942679 |
|
| 906 |
_a7 _bcbc _ccopycat _d3 _encip _f20 _gy-gencatlg |
||
| 942 |
_2lcc _cMONOGRAPH |
||